[Event "Bad Woerishofen op"]
[Site "Bad Woerishofen"]
[Date "2001.??.??"]
[Round "5"]
[White "Kistella, Irena"]
[Black "Moehring, Norbert"]
[Result "0-1"]
[WhiteElo "1670"]
[BlackElo "1905"]
[Annotator "ChessOrg"]
[PlyCount "164"]
[EventDate "1998.03.05"]
[Source "ChessBase"]
[SourceDate "1998.04.29"]

1. d4 {A48: Koenigsindisch (ohne c2-c4)} 1... Nf6 2. Nf3 g6 3. Bg5 Bg7 4. e3
O-O 5. Be2 c5 6. O-O {letzter Buchzug} 6... Qb6 7. Qc1 Nc6 (7... cxd4 8. exd4
Nc6 9. c3 $11) 8. c3 d5 9. Nbd2 h6 10. Bf4 Nh5 11. Be5 Nxe5 12. Nxe5 cxd4 13.
exd4 Nf4 14. Bf3 (14. Re1 f6 15. Nd3 Nxe2+ 16. Rxe2 16... e5 $15) 14... Bxe5 (
14... f6 15. Ng4 e5 16. Nb3 $15) 15. dxe5 $11 15... Nd3 16. Qc2 Nxe5 17. Bxd5
Qd6 18. Qb3 (18. Be4 $5 $11) 18... Rd8 $15 19. f4 Qxd5 20. fxe5 Qc5+ 21. Kh1
Be6 (21... Rxd2 $4 22. Qxf7+ Kh8 23. Qe8+ Kh7 24. Rf7#) 22. Qc2 (22. Qxb7 $2
22... Rab8 (22... Qxe5 $6 23. Nf3 Qd6 24. Qe4 $11) 23. Ne4 Qc4 (23... Rxb7 $6
24. Nxc5 Rxb2 25. Nxe6 fxe6 26. Rfb1 $11) 24. Qxa7 24... Qxe4 $19) 22... Qxe5
23. Rae1 Qd6 24. Nf3 Bxa2 (24... Bc4 $5 25. Rf2 25... Rac8 $17 (25... Bxa2 $143
26. b3 $16)) 25. b3 $15 25... Qa3 26. Ne5 $2 (26. Ra1 $5 $142 26... Qxb3 27.
Qf2 $11) 26... Qxb3 (26... Bxb3 $5 27. Qf2 Rf8 28. Qf4 $19) 27. Qe2 Qd5 (27...
Qe6 $5 28. Rxf7 28... Bd5 $19) 28. Nxf7 $17 28... Qd2 $4 (28... Qxf7 $142 29.
Rxf7 29... Bxf7 $17) 29. Nxh6+ $1 $16 (29. Nxd8 $143 29... Qxe2 30. Rxe2 Bc4
31. Rxe7 Bxf1 32. Re8+ Kh7 33. Re7+ Kg8 34. Re8+ Kh7 35. Re7+ 35... Kg8 $11)
29... Qxh6 30. Qxa2+ Kh8 31. Rxe7 Rf8 32. Ref7 (32. Qe2 Qh5 33. Qe1 Rxf1+ 34.
Qxf1 34... Qf5 $16) 32... b6 (32... Rxf7 33. Qxf7 Qg7 34. Qc4 $14) 33. h3 (33.
Qd5 Rac8 34. Qe5+ 34... Kg8 $16) 33... Rxf7 34. Qxf7 (34. Rxf7 Qc1+ 35. Kh2
35... Qxc3 $14) 34... Qg7 $14 35. Qd5 Rf8 36. Rxf8+ Qxf8 37. Qe5+ Qg7 38. Qe3
Qf6 39. Qe8+ Kg7 40. Qd7+ Qf7 41. Qd4+ Kg8 42. Qd8+ Qf8 43. Qd5+ Kh7 44. Qd4
Qe7 45. c4 g5 46. Qd3+ Kh6 47. Qf5 (47. Kg1 47... a5 $15) 47... a5 $17 48. Qd5
Qf6 49. Kg1 a4 50. Qb5 a3 51. Qb3 (51. Qa4 $5 51... Qd4+ 52. Kf1 $17) 51... Qb2
52. Qe3 Qb1+ 53. Kh2 a2 54. Qe6+ Qg6 55. Qe5 Kh7 (55... Qf7 $5 56. Qb2 Qxc4 57.
Qxb6+ Kg7 58. Qb2+ Kg6 59. g3 $19) 56. Qe7+ $17 56... Kh6 (56... Kg8 57. Qd8+
Kf7 58. Qc7+ Kf8 59. Qd8+ Kg7 60. Qe7+ Qf7 61. Qxg5+ Kf8 62. Qd8+ Qe8 63. Qf6+
Kg8 64. Qg5+ Kh7 65. Qh4+ Kg6 66. Qg4+ Kh6 67. Qf4+ Kg7 68. Qd4+ Kg8 69. Qg4+
Kf8 70. Qf3+ Kg7 71. Qc3+ Kg8 72. Qg3+ Kh8 73. Qh4+ Kg7 74. Qd4+ Kh7 75. Qh4+
Kg7 76. Qd4+ $11) 57. Qe5 $19 57... Kh7 $4 (57... Qf7 $5 58. Qb2 Qxc4 59. Qxb6+
Kg7 60. Qb2+ Kg6 61. Qb6+ Kf5 62. Qa5+ 62... Ke4 $19) 58. Qe7+ $17 58... Kg8
59. Qd8+ Kf7 60. Qd7+ Kf6 61. Qd6+ Kg7 62. Qd7+ $4 (62. Qe7+ Qf7 63. Qxg5+ Kh7
64. Qh4+ Kg8 65. Qg5+ Kf8 66. Qd8+ Qe8 67. Qf6+ Kg8 68. Qg5+ Kh7 69. Qh4+ Kg7
70. Qg5+ Qg6 71. Qe7+ Kh6 72. Qh4+ Qh5 73. Qf6+ Kh7 74. Qe7+ Kg8 75. Qd8+ Kg7
76. Qe7+ Kg6 77. Qe6+ Kg7 78. Qe7+ Kh8 79. Qf6+ Kg8 80. Qd8+ Kf7 81. Qc7+ Kf8
82. Qd6+ Kg7 83. Qd4+ Kh7 84. Qd7+ Kh8 85. Qd8+ Kg7 86. Qe7+ $11) 62... Qf7 $19
63. Qd4+ Kg6 (63... Qf6 64. Qd7+ Kh6 65. h4 $19) 64. Qd3+ (64. Qb2 Qa7 65. Qa1
Qc7+ 66. Kg1 Qxc4 67. Qb2 $19) 64... Qf5 65. Qd6+ Kf7 (65... Qf6 $142 66. Qd3+
66... Kh6 $19) 66. Qc7+ $17 66... Ke8 (66... Kg8 67. Qd8+ Kg7 68. Qe7+ Qf7 69.
Qxg5+ Kf8 70. Qd8+ Qe8 71. Qf6+ Kg8 72. Qg5+ Kh7 73. Qh4+ Kg7 74. Qd4+ Kg8 75.
Qg4+ Kf8 76. Qf3+ Kg7 77. Qc3+ Kf7 78. Qf3+ Kg6 79. Qg4+ Kh6 80. Qf4+ 80... Kh5
$11) 67. Qc6+ $4 (67. Qb8+ $142 67... Kd7 68. Qb7+ Ke8 69. Qa8+ Kd7 70. Qxa2
Qe5+ 71. g3 $16) 67... Ke7 $19 68. Qc7+ Qd7 69. Qe5+ Qe6 70. Qxg5+ $4 (70. Qg7+
Kd6 71. Qd4+ Kc6 72. Qc3 $19) 70... Kd7 (70... Qf6 $142 71. Qe3+ 71... Kf7 $19)
71. Qb5+ (71. Qg7+ $5 71... Kc6 72. Qc3 $17) 71... Kc7 72. Qb2 Qxc4 73. g4 b5
74. Kg3 b4 75. Qe5+ Kb6 76. Qd6+ $4 (76. Qb8+ Kc5 77. Qf8+ Kd4 78. Qf6+ 78...
Ke3 $19) 76... Ka5 (76... Kb7 77. Kh4 a1=Q 78. Qe7+ Qc7 79. Qe4+ Kb6 80. Qe6+
Kc5 81. Qe3+ Qd4 82. Qg5+ Kb6 83. Kh5 Ka7 84. Qg8 Qce5+ 85. g5 Qd1+ 86. Kh6
Qdd6+ 87. Kh7 Qd7+ 88. Kh6 Qed6+ 89. Qe6 Q6xe6+ 90. g6 Qe3+ 91. Kh5 Qdxh3#) 77.
Qd8+ Ka4 78. Qd7+ (78. Kh4 $19) 78... Ka3 79. Qa7+ Kb2 80. Qf2+ Qc2 81. Qb6
Qc3+ 82. Kh4 a1=Q (82... a1=Q 83. Qf2+ Kb3 84. Qf7+ 84... Qc4 $19) 0-1

[Event "Bad Woerishofen op"]
[Site "Bad Woerishofen"]
[Date "2001.??.??"]
[Round "7"]
[White "Kistella, Irena"]
[Black "Schwarz, Werner"]
[Result "1/2-1/2"]
[WhiteElo "1670"]
[BlackElo "1864"]
[Annotator "ChessOrg"]
[PlyCount "87"]
[EventDate "1998.03.05"]
[Source "ChessBase"]
[SourceDate "1998.04.29"]

1. d4 {A47: Damenindisch (ohne c2-c4)} 1... Nf6 2. Nf3 b6 3. Bg5 Bb7 4. e3 4...
d6 {letzter Buchzug} 5. Be2 Nbd7 6. O-O h6 7. Bf4 Nh5 8. Bg3 Nxg3 9. hxg3 e6
10. c4 Be7 11. Nc3 Nf6 12. d5 exd5 13. Nxd5 (13. cxd5 13... a6 $11) 13... O-O
$15 14. Nxe7+ Qxe7 15. Nd4 c5 16. Nf5 Qe4 (16... Qe5 $5 17. Bd3 d5 18. cxd5
18... Bxd5 $17) 17. Bf3 $11 17... Qxf5 18. Bxb7 Rad8 19. Bf3 Qe5 20. b3 (20.
Qa4 20... Rd7 $11) 20... d5 $15 21. cxd5 Nxd5 22. Bxd5 Rxd5 23. Qe2 Rfd8 24.
Rfd1 Qd6 25. Rxd5 Qxd5 26. f3 (26. e4 Qe5 27. Re1 27... Rd4 $17) 26... Qe5 27.
Rd1 Rxd1+ 28. Qxd1 Qxe3+ (28... Qxg3 $143 29. Qd8+ Kh7 30. Qd7 $15) 29. Kh2 Qd4
30. Qe2 Kf8 31. Qa6 Qd7 32. Kg1 g6 33. Kf2 Qe7 34. Qc8+ Kg7 35. Qb8 f5 36. Qf4
Qf7 (36... h5 37. Qd2 $19) 37. g4 fxg4 38. Qxg4 g5 39. Qe4 a6 (39... Qd7 40.
Ke2 $17) 40. Qe5+ (40. Qc6 $5 $15) 40... Qf6 $17 41. Qc7+ Kg6 42. Qc8 a5 (42...
Qd4+ $5 $142 43. Ke2 43... a5 $17) 43. Qg8+ $11 43... Kf5 44. Qd5+ 1/2-1/2

[Event "Bad Woerishofen op"]
[Site "Bad Woerishofen"]
[Date "2001.??.??"]
[Round "9"]
[White "Kistella, Irena"]
[Black "Hamlack, Heinz"]
[Result "0-1"]
[WhiteElo "1670"]
[BlackElo "1906"]
[Annotator "ChessOrg"]
[PlyCount "136"]
[EventDate "1998.03.05"]
[Source "ChessBase"]
[SourceDate "1998.04.29"]

1. d4 {A48: Koenigsindisch (ohne c2-c4)} 1... Nf6 2. Nf3 g6 3. Bg5 Bg7 4. e3
O-O 5. Be2 d6 6. O-O Nbd7 7. Nbd2 7... c6 {letzter Buchzug} 8. c3 Qc7 9. Qc2
Re8 10. Rad1 e5 11. dxe5 dxe5 12. Nc4 Bf8 13. Bh4 Nd5 14. e4 Nf4 15. a4 a5 16.
Rfe1 Nc5 17. Bg3 Nxe2+ 18. Rxe2 f6 19. h3 (19. Ne3 Be6 20. Nd4 20... Bf7 $11)
19... b5 (19... Be6 $5 20. Ncd2 20... Rad8 $11) 20. axb5 $14 20... cxb5 21. Ne3
Be6 22. Nd5 Qf7 23. Bh4 g5 24. Bg3 Rad8 25. Red2 Bg7 (25... a4 $5 $11) 26. b4
$14 26... axb4 27. cxb4 (27. Nxb4 $143 27... Bb3 28. Qc1 Bxd1 29. Qxd1 29...
Rc8 $19) 27... Na6 28. Qc6 Bxd5 29. Qxa6 (29. exd5 Nxb4 30. Qxb5 30... Rb8 $14)
29... Bb7 (29... Ra8 $5 30. Qxb5 30... Bxe4 $14) 30. Qxb5 $16 30... Rxd2 31.
Nxd2 (31. Rxd2 $6 31... Bxe4 32. Rd7 32... Qe6 $11) 31... Rd8 32. f3 Bf8 33.
Be1 Bc8 34. Rb1 h5 35. Qc4 Be6 36. Qe2 Rb8 37. Nf1 Bc4 38. Qc2 Rd8 39. Ne3 (39.
Rb2 $5 $16) 39... Bd3 $11 40. Qd2 Qa7 (40... Rd4 $5 $142 41. Nc2 41... Bxe4 $14
) 41. Rb3 Qa6 (41... Qd4 $5 $16 $142) 42. b5 $18 42... Qd6 43. Bf2 g4 (43...
Qd4 44. Nd5 Qa1+ 45. Kh2 Rxd5 46. exd5 $18 (46. Rxd3 $6 46... Rxd3 47. Qxd3
47... Qa2 $18)) 44. Nf5 (44. b6 $5 44... g3 45. Bxg3 Ba6 46. Qxd6 46... Bxd6
$18 (46... Rxd6 $4 47. b7 Bxb7 48. Rxb7 $18)) 44... Qd7 45. Bb6 (45. Rxd3 $142
45... Qxd3 46. Qa2+ Kh8 47. Qf7 $18 (47. fxg4 $6 47... Rd7 $16) (47. hxg4 $6
47... hxg4 48. Qf7 48... gxf3 $18)) 45... Bc4 $16 46. Qxd7 Rxd7 47. Rc3 (47.
Rb1 $5 47... Bd3 48. Rb2 $16) 47... Bxb5 $11 48. Rc8 Kf7 49. hxg4 hxg4 50. fxg4
Rd1+ (50... Bd3 51. Ng3 $11) 51. Kh2 Re1 52. Bc5 (52. Bf2 Re2 53. Rc7+ 53...
Ke6 $14) 52... Bxc5 53. Rxc5 Bd3 54. Rc7+ Ke8 55. Ng7+ (55. Nd6+ Kd8 56. Rf7
Bxe4 57. Rxf6 57... Bd5 $16) 55... Kf8 56. Nh5 Rf1 57. Ng3 Rf4 58. Rc3 Bb5 (
58... Bxe4 $5 59. Rc4 Bxg2 60. Rxf4 exf4 61. Kxg2 fxg3 62. Kxg3 62... Ke7 $11)
59. Rf3 Rxg4 60. Rxf6+ Ke7 61. Rb6 Bd3 (61... Bd7 62. Rh6 $14) 62. Rb4 (62.
Nf5+ $5 $142 62... Ke8 63. Kh3 $16) 62... Kd6 63. Ra4 Kc5 (63... Rh4+ $5 $142
64. Kg1 64... Rf4 $11) 64. Ra5+ $16 64... Kd4 65. Ra4+ (65. Kh3 $5 $142 65...
Rg5 66. Kh4 $16) 65... Ke3 66. Nf5+ Kf2 67. Ra2+ Be2 68. Ng3 $4 (68. Kh3 $142
68... Rg8 69. Rb2 $11) 68... Rh4# 0-1

[Event "Bad Woerishofen op"]
[Site "Bad Woerishofen"]
[Date "2001.??.??"]
[Round "2"]
[White "Kistella, Roman"]
[Black "Taufratshofer, Martin"]
[Result "1-0"]
[WhiteElo "2258"]
[BlackElo "2093"]
[Annotator "ChessOrg"]
[PlyCount "65"]
[EventDate "1998.03.05"]
[Source "ChessBase"]
[SourceDate "1998.04.29"]

1. d4 {D47: Damengambit (Meraner Variante)} 1... Nf6 2. c4 e6 3. Nc3 d5 4. Nf3
c6 5. e3 Nbd7 6. Bd3 dxc4 7. Bxc4 b5 8. Bd3 Bb7 9. e4 a6 10. e5 Nd5 11. Nxd5
cxd5 12. Bg5 {letzter Buchzug} 12... Bb4+ 13. Bd2 Bxd2+ 14. Nxd2 Qg5 15. O-O (
15. Nf3 15... Qh5 $14) 15... O-O 16. f4 Qh6 17. Nb3 Rac8 18. Qd2 Rc7 19. Rac1
Rfc8 20. Rxc7 Rxc7 21. Qa5 Rc8 22. a4 22... g5 $2 (22... bxa4 $142 23. Qxa4
23... Rd8 $14) 23. axb5 $18 23... axb5 24. Bxb5 Nf8 25. Nc5 gxf4 26. Qd2 (26.
Nxb7 $142 26... Rc2 27. Nd6 $18) 26... Bc6 27. Bd3 Ng6 28. Bxg6 Qxg6 29. Rxf4
Bb5 30. h3 30... Qb1+ $2 (30... Kh8 $18 $142) 31. Kh2 Rxc5 (31... h6 $18) 32.
Rg4+ Kf8 (32... Qg6 33. Rxg6+ hxg6 34. dxc5 $18) 33. Qb4 (33. Qb4 Qc2 34. dxc5
$18) (33. Qh6+ Ke7 34. Rg8 Kd7 35. Qf8 Qg1+ 36. Kxg1 Rc1+ 37. Kh2 Rh1+ 38. Kxh1
Kc7 39. Qd6+ Kb7 40. Rb8+ Ka7 41. Qb6#) 1-0

[Event "Bad Woerishofen op"]
[Site "Bad Woerishofen"]
[Date "2001.??.??"]
[Round "4"]
[White "Kistella, Roman"]
[Black "Doell, Detlef"]
[Result "1-0"]
[WhiteElo "2258"]
[BlackElo "2123"]
[Annotator "ChessOrg"]
[PlyCount "67"]
[EventDate "1998.03.05"]
[Source "ChessBase"]
[SourceDate "1998.04.29"]

1. d4 {A56: Altindisch} 1... Nf6 2. c4 c5 3. d5 e5 4. Nc3 d6 5. e4 a6 6. g3 g6
7. h4 {letzter Buchzug} 7... Bg7 8. a4 O-O 9. Bh3 h6 10. Be3 Qa5 11. Bxc8 Rxc8
12. f3 Nh5 (12... Qb4 13. Qe2 $11) 13. Nge2 $14 13... Nd7 14. Bd2 Qd8 15. Qc1
Kh7 16. Nd1 (16. g4 Nf4 17. Nxf4 exf4 18. Bxf4 18... Qe7 $16) 16... Rab8 (16...
Nhf6 17. h5 g5 18. Ne3 $14) 17. Ne3 (17. g4 Nf4 18. Nxf4 exf4 19. Bxf4 Ne5 20.
Bxe5 20... Bxe5 $14) 17... Qf8 18. Qc2 b6 19. Bc3 Ndf6 (19... Qe7 $5 $14) 20.
g4 $16 20... Nf4 21. Nxf4 exf4 22. Ng2 Nd7 23. Nxf4 Ne5 24. Kf2 Qe7 25. h5 g5
26. Bxe5 (26. Ne2 Qf6 27. Bxe5 27... Qxe5 $14) 26... Qxe5 27. Nd3 Qd4+ 28. Kg2
Kg8 29. Ra2 Rc7 30. Re1 30... Re7 $2 (30... Qf6 $5 $16 $142) 31. e5 $1 $18
31... Bxe5 $2 (31... Qxe5 32. Nxe5) 32. Re4 (32. Nxe5 $6 32... Rxe5 (32... dxe5
$4 33. Re4 $18) 33. Rxe5 33... dxe5 $11) 32... Rbe8 33. Rxd4 (33. Nf2 33... b5
$18) 33... Bxd4 34. b3 (34. b3 a5 35. Nf2 $18) 1-0

[Event "Bad Woerishofen op"]
[Site "Bad Woerishofen"]
[Date "2001.??.??"]
[Round "5"]
[White "Kistella, Roman"]
[Black "Roeder, Matthias"]
[Result "0-1"]
[WhiteElo "2258"]
[BlackElo "2456"]
[Annotator "ChessOrg"]
[PlyCount "82"]
[EventDate "1998.03.05"]
[Source "ChessBase"]
[SourceDate "1998.04.29"]

1. e4 {B92: Sizilianisch (Najdorf-Variante mit 6.Le2)} 1... c5 2. Nf3 d6 3. d4
cxd4 4. Nxd4 Nf6 5. Nc3 a6 6. Be2 e5 7. Nb3 Be7 8. O-O O-O 9. Kh1 b6 10. Be3
Bb7 11. f3 11... Qc7 {letzter Buchzug} 12. a4 Nc6 13. Nd5 (13. Qd2 13... Nb4
$14) 13... Nxd5 $11 14. exd5 (14. Qxd5 $143 14... Nd4 15. Qc4 Qxc4 16. Bxc4
Nxc2 17. Bxb6 Nxa1 18. Rxa1 18... Rfb8 $19) 14... Nb4 15. c4 a5 16. Nd2 Rae8
17. Ne4 f5 18. Nc3 f4 19. Bg1 Bh4 20. Ne4 Bc8 21. g3 Bd8 22. g4 Bh4 23. b3 Kh8
24. Rc1 Rd8 25. Kg2 Rd7 26. Bf2 Bxf2 27. Rxf2 Qd8 28. Rf1 Rdf7 29. Qe1 g5 30.
h4 gxh4 31. Rc3 h3+ 32. Kh2 Rg7 33. Rg1 Rfg8 34. Bd1 (34. Bf1 34... Na6 $15)
34... Bf5 (34... h5 35. g5 Rxg5 36. Nxg5 Rxg5 37. Bc2 $17) 35. Qf2 (35. Rf1 $5
$142 35... Bg6 36. Kxh3 $17) 35... h5 36. g5 Rxg5 37. Rxg5 Rxg5 38. Nxg5 Qxg5
39. Be2 $2 (39. Qg1 $142 39... Qxg1+ 40. Kxg1 $17) 39... Na2 (39... h4 $5 $142
40. Rc1 Qg3+ 41. Qxg3 hxg3+ 42. Kg1 $19) 40. Rd3 Bxd3 (40... h4 $5 $142 41. Kh1
41... Qg3 $19) 41. Bxd3 $17 41... h4 (41... h4 42. Qg1 Qg3+ 43. Qxg3 hxg3+ 44.
Kxh3 44... Nc1 $19) 0-1

[Event "Bad Woerishofen op"]
[Site "Bad Woerishofen"]
[Date "2001.??.??"]
[Round "8"]
[White "Kistella, Roman"]
[Black "Muehlbach, Peter"]
[Result "1-0"]
[WhiteElo "2258"]
[BlackElo "2131"]
[Annotator "ChessOrg"]
[PlyCount "85"]
[EventDate "1998.03.05"]
[Source "ChessBase"]
[SourceDate "1998.04.29"]

1. d4 {D85: Gruenfeld-Verteidigung (Hauptfortsetzung)} 1... Nf6 2. c4 g6 3. Nc3
d5 4. cxd5 Nxd5 5. e4 Nxc3 6. bxc3 Bg7 7. Nf3 O-O 8. Be3 c5 9. Qd2 Qa5 10. Rb1
cxd4 11. cxd4 Qxd2+ 12. Kxd2 Rd8 13. Bd3 13... Nc6 {Im Brennpunkt: d4} 14. d5
Na5 15. Bg5 {letzter Buchzug} 15... Kf8 16. Rhc1 f6 17. Bf4 e5 18. Be3 b6 19.
Ng1 Nb7 20. f3 Nd6 21. Rc7 f5 22. Ne2 f4 23. Bf2 Rd7 24. Rbc1 Bf6 25. R1c6 Ke7
26. a4 Rxc7 27. Rxc7+ Bd7 28. a5 (28. Rc1 Rc8 29. Ra1 29... Rc7 $14) 28... Ne8
(28... bxa5 29. Nc3 $11) 29. Rc1 (29. axb6 $143 29... Nxc7 30. bxc7 30... Kd6
$17) 29... bxa5 30. Ra1 a4 31. Nc3 Kd8 32. Nxa4 Nc7 33. d6 Nb5 34. Nb6 $1 34...
Rb8 35. Nd5 (35. Nxd7 $6 35... Kxd7 36. Ra5 Nxd6 37. Rxa7+ Rb7 38. Bb5+ Kc7 39.
Rxb7+ 39... Nxb7 $11) 35... Bg5 36. Bxb5 Rxb5 37. Rxa7 Rb2+ (37... Rxd5+ 38.
exd5 Ke8 39. Ra8+ Kf7 40. Kc3 $18) 38. Kc3 Rxf2 (38... Rb5 $18) 39. Ra8+ Bc8
40. Nb6 Ke8 41. d7+ (41. Rxc8+ $6 41... Kf7 42. d7 42... Rxg2 $18) (41. Nxc8 $6
41... Kd7 $14) 41... Kf7 42. dxc8=Q (42. Nxc8 $6 42... Rxg2 43. Nd6+ 43... Ke6
$16) (42. Rxc8 $6 42... Rxg2 43. Nc4 43... Rxh2 $18) 42... Rxg2 (42... Rxf3+
43. gxf3 Be7 44. Qe8+ Kf6 45. Nd5+ Kg5 46. Qxe7+ Kh6 47. h4 Kh5 48. Qxh7#) 43.
Ra7+ (43. Ra7+ Be7 44. Nd5 Rc2+ 45. Kxc2 Kg7 46. Rxe7+ Kh6 47. Qh3+ Kg5 48.
Rxe5#) (43. Qf8+ Ke6 44. Re8+ Be7 45. Qxe7#) 1-0

[Event "Bad Woerishofen op"]
[Site "Bad Woerishofen"]
[Date "2001.??.??"]
[Round "2"]
[White "Klein, Reinhard"]
[Black "Mader, Kurt"]
[Result "1-0"]
[WhiteElo "1602"]
[BlackElo "1900"]
[Annotator "ChessOrg"]
[PlyCount "69"]
[EventDate "1998.03.05"]
[Source "ChessBase"]
[SourceDate "1998.04.29"]

1. d4 {D20: Angenommenes Damengambit} 1... d5 2. c4 dxc4 3. e4 e6 4. Bxc4 4...
c6 {letzter Buchzug} 5. Nf3 Nd7 6. O-O h6 7. Nc3 Bb4 8. Be3 Ngf6 9. Qc2 Nb6 10.
Bd3 Qc7 11. h3 Bd7 12. Rac1 Rc8 13. Ne2 Be7 14. Bf4 Qd8 15. Qb3 O-O (15... c5
$14 $142) 16. a4 (16. Be3 16... Re8 $16) 16... Nh5 $4 (16... c5 $5 $15 $142)
17. Be3 (17. a5 Nxf4 18. Nxf4 Na8 19. Qxb7 19... Rc7 $16) 17... Rb8 (17... c5
18. dxc5 Bxa4 19. Qa3 $14) 18. e5 (18. g4 Nf6 19. Bf4 c5 20. Bxb8 c4 21. Bxc4
21... Bxa4 $18) 18... f5 (18... c5 19. a5 c4 20. Bxc4 Nxc4 21. Qxc4 Qxa5 22.
Ra1 $14) 19. Ng3 (19. exf6 Rxf6 20. Ne5 $16) 19... Qe8 (19... Nxg3 $142 20.
fxg3 20... Nd5 $11) 20. Nxf5 $18 20... Nd5 21. Nxe7+ Qxe7 22. Nd2 Nhf4 23. Bxf4
Rxf4 24. Nf3 (24. Be4 24... Be8 $16) 24... Qd8 (24... Rxf3 25. gxf3 Nf4 26. Kh1
$14) 25. Bc4 Ne7 (25... Be8 $5 $16 $142) 26. Bxe6+ $18 26... Kh8 27. Bxd7 Qxd7
28. Rfd1 Qf5 29. Rd2 Qg6 30. Ne1 (30. e6 Nd5 31. Ne5 31... Qe8 $18) 30... Qg5
31. Qg3 Rg4 32. Qe3 Qxe3 33. fxe3 Rg6 (33... Re4 34. Nc2 $18) 34. Rf2 (34. e4
34... Rd8 $18) 34... Nf5 $4 (34... Kg8 $18) 35. Rxf5 (35. Rxf5 Kg8 36. Nd3 $18)
1-0

[Event "Bad Woerishofen op"]
[Site "Bad Woerishofen"]
[Date "2001.??.??"]
[Round "5"]
[White "Klein, Reinhard"]
[Black "Malzer, Werner"]
[Result "0-1"]
[WhiteElo "1602"]
[BlackElo "1854"]
[Annotator "ChessOrg"]
[PlyCount "80"]
[EventDate "1998.03.05"]
[Source "ChessBase"]
[SourceDate "1998.04.29"]

1. d4 {
D55: Damengambit (Hauptvariante, Abweichungen - Alte Lasker-Variante, etc.)}
1... d5 2. c4 e6 3. Nf3 Nf6 4. Nc3 Be7 5. Bg5 O-O 6. e3 6... b6 {
letzter Buchzug} 7. Qc2 Bb7 8. cxd5 Nxd5 9. Bxe7 Nxe7 10. Be2 Nd7 11. O-O c5
12. Rfd1 Qc7 13. Rac1 Rac8 14. Ng5 g6 15. Bf3 (15. dxc5 Nxc5 16. b4 f6 17. Nxh7
Kxh7 18. bxc5 18... Qxc5 $14) 15... Bxf3 16. Nxf3 (16. gxf3 $143 16... cxd4 17.
Rxd4 17... Rfd8 $11) 16... c4 (16... Rfd8 17. Ne4 $14) 17. Qa4 Qc6 18. Qb5 (18.
Qxc6 Rxc6 19. Ne5 Nxe5 20. dxe5 20... g5 $16) 18... a6 19. Qxa6 (19. Qxc6 Nxc6
20. d5 20... Nce5 $14) 19... Ra8 $14 20. Qb5 Qxb5 21. Nxb5 Rxa2 22. Rc2 Ra5 23.
Nd6 b5 24. b3 cxb3 25. Rb2 Nc8 26. Ne4 Ncb6 27. Rxb3 Nd5 28. Nd6 b4 29. Kf1 Nc3
30. Rc1 Ra4 31. Ng5 Nf6 32. f3 (32. Nf3 32... Rfa8 $11) 32... Nfd5 $17 33. Re1
Ra3 34. Rxa3 (34. Rb2 $5 34... h6 35. Ngxf7 Rxf7 36. Nxf7 Kxf7 37. e4 $15)
34... bxa3 $19 35. Nge4 $2 (35. Kf2 $19 $142) 35... a2 36. Nc4 (36. Nxc3 Nxc3
37. Ra1 $19) 36... Nb1 37. Kf2 (37. Na3 a1=Q 38. Nxb1 Nxe3+ 39. Kf2 Qxd4 40.
Rxe3 40... f5 $19) 37... a1=Q 38. Ncd2 Rb8 39. Kg3 (39. Nf1 Qa2+ 40. Re2 Rb2
41. Rxb2 Qxb2+ 42. Kg1 42... Nbc3 $19) 39... Qa2 40. Re2 Rb2 (40... Rb2 41. Kh3
Nxd2 42. Rxd2 Rxd2 43. Ng3 Rxg2 44. Nf1 Rg1 45. Ng3 Qg2+ 46. Kg4 Qxh2 47. Kg5
Rxg3#) 0-1

[Event "Bad Woerishofen op"]
[Site "Bad Woerishofen"]
[Date "2001.??.??"]
[Round "7"]
[White "Klein, Reinhard"]
[Black "Vonach, Bernd"]
[Result "0-1"]
[WhiteElo "1602"]
[BlackElo "1850"]
[Annotator "ChessOrg"]
[PlyCount "100"]
[EventDate "1998.03.05"]
[Source "ChessBase"]
[SourceDate "1998.04.29"]

1. d4 {D84: Gruenfeld-Verteidigung (4.Lf4)} 1... Nf6 2. c4 g6 3. Nc3 d5 4. Bf4
Bg7 5. e3 O-O 6. cxd5 Nxd5 7. Nxd5 Qxd5 8. Bxc7 Nc6 9. Nf3 Bf5 10. Bd3 {
letzter Buchzug} 10... Bxd3 11. Qxd3 Rac8 12. Bg3 Nb4 13. Qb3 Nc2+ 14. Ke2 Qxb3
15. axb3 Nxa1 16. Rxa1 a6 17. Kd2 Rc6 18. Rc1 Rxc1 19. Kxc1 Rc8+ 20. Kd2 e6 21.
Ne1 f6 22. Nd3 Bf8 23. b4 Kf7 24. b3 Ke8 25. f3 Kd7 (25... b6 26. Bh4 Kf7 27.
e4 $17) 26. Be1 (26. Nc5+ Bxc5 27. bxc5 27... Kc6 $15) 26... Bd6 27. h4 h6 28.
g3 h5 29. f4 (29. Nc5+ 29... Ke7 $17) 29... g5 (29... b6 30. e4 $17) 30. Kd1 (
30. fxg5 $5 $142 30... fxg5 31. hxg5 $15) 30... gxh4 $17 31. gxh4 f5 32. Nf2 (
32. Nc5+ 32... Kc6 $17) 32... Kc6 $19 33. Nh3 Kd5 (33... Kb5 $19) 34. Ng1 $2 (
34. Ng5 $5 $17 $142) 34... Rg8 (34... Ke4 35. Ke2 Rc2+ 36. Bd2 Bxb4 37. Nf3 $19
) 35. Nh3 Be7 (35... Rg2 $5 36. Ng5 $19) 36. Ng5 $17 36... Bxg5 (36... Rc8 37.
Bd2 $19) 37. hxg5 (37. fxg5 37... e5 $17) 37... Ke4 $19 38. Ke2 Rc8 39. Kf2 $2
(39. Kd2 $19 $142) 39... h4 40. Kg2 Kxe3 41. Kh3 (41. Bxh4 Kxf4 42. g6 42...
Rg8 $19) 41... Kxf4 42. Bd2+ (42. Bxh4 42... Kf3 $19) 42... Ke4 (42... Kf3 43.
b5 axb5 44. Ba5 $19) 43. Kxh4 (43. b5 axb5 44. Kxh4 44... f4 $19) 43... f4 (
43... Rc2 44. Be1 Rc1 45. Bf2 $19) 44. g6 (44. b5 Rc2 45. bxa6 Rxd2 46. axb7
46... Kf5 $19) 44... f3 (44... Rc2 $5 $142 45. Be1 Rc1 46. Bf2 $19) 45. Be1 Ke3
(45... Rf8 $5 46. g7 Rg8 47. b5 axb5 48. Kg5 Rxg7+ 49. Kf6 $19) 46. Kg5 f2 47.
Bxf2+ Kxf2 48. Kf6 Ke3 49. Kxe6 Kxd4 50. Kf7 (50. Kd7 Rg8 51. b5 Rg7+ 52. Ke6
Rxg6+ 53. Kf5 53... a5 $19) 50... Kc3 (50... Kc3 51. b5 51... axb5 $19) (50...
b5 $5 51. Ke7 $19) 0-1

[Event "Bad Woerishofen op"]
[Site "Bad Woerishofen"]
[Date "2001.??.??"]
[Round "9"]
[White "Klein, Reinhard"]
[Black "Wiesbeck, Florian"]
[Result "0-1"]
[WhiteElo "1602"]
[BlackElo "1815"]
[Annotator "ChessOrg"]
[PlyCount "68"]
[EventDate "1998.03.05"]
[Source "ChessBase"]
[SourceDate "1998.04.29"]

1. d4 {D15: Damengambit (Slawische Verteidigung)} 1... d5 2. c4 c6 3. Nf3 Nf6
4. Nc3 a6 5. Bf4 {letzter Buchzug} 5... Qa5 (5... dxc4 $5 6. e4 6... b5 $15) 6.
Nd2 Qb4 7. Qb3 e6 8. Qxb4 Bxb4 9. e3 Nbd7 10. a3 Be7 11. Bc7 O-O 12. c5 Ne8 13.
Be5 (13. Bg3 $5 $11 $142) 13... Nxe5 $17 14. dxe5 Bxc5 15. b4 Ba7 16. Bd3 f6
17. Nf3 fxe5 18. Nxe5 Nf6 19. Kd2 (19. O-O Nd7 20. Nxd7 20... Bxd7 $17) 19...
Nd7 20. Nxd7 Bxd7 21. Raf1 e5 22. Nd1 (22. f3 22... Rad8 $17) 22... e4 23. Be2
Rf6 24. f4 exf3 25. gxf3 Raf8 26. Nf2 (26. Rhg1 d4 27. Rg5 dxe3+ 28. Nxe3 28...
Rh6 $19) 26... Re6 27. e4 Bxf2 28. Rxf2 dxe4 29. Bc4 (29. Rff1 e3+ 30. Ke1 $19)
29... e3+ 30. Ke2 exf2+ 31. Kxf2 Kh8 32. Bxe6 Bxe6 33. Kg3 Bd5 34. h4 (34. Rf1
34... b6 $19) 34... Rxf3+ (34... Rxf3+ 35. Kh2 35... Rxa3 $19) 0-1